| 000 | 00947nam0a22002531 4500 | ||
|---|---|---|---|
| 001 | rc\855598 | ||
| 005 | 20260406160451.0 | ||
| 035 | _a(NLR Aleph) 006251029 | ||
| 090 |
_a6751989 _c6751989 |
||
| 100 | _a20041129d1983 u y0rusy50 ca | ||
| 101 | 0 | _arus | |
| 102 | _aRU | ||
| 105 | _ay ||||||||| | ||
| 200 | 1 |
_aПодготовка школьников к семейной жизни _eТез. докл. науч.-практ. конф. _f[Редкол.: Б. Кубулинь и др.] |
|
| 210 |
_aРига _cМП ЛатвССР _d1983 |
||
| 215 |
_a57 с. _d20 |
||
| 300 | _aВ надзаг.: М-во просвещения ЛатвССР, НИИ педагогики, Пед. о-во ЛатвССР | ||
| 702 | 1 |
_aКубулинь _bБ.А. _4340 |
|
| 712 | 0 | 2 |
_aНИИ педагогики _cРига _3RU\NLR\AUTH\889931811 _9359030 |
| 801 | 0 |
_aRU _bNLR _gpsbo |
|
| 801 | 1 |
_aRU _bELAR _2rusmarc |
|
| 852 |
_aNLR _j84-4/9671 |
||
| 942 | _cBOOK | ||
| 980 | _aNB | ||